00234nam a2200097Ia 4500008004100000100000900041245003500050260002700085942000700112999001700119190216s9999||||xx |||||||||||||| ||und|| aNull 0aHindi-Urdu Hindi Vyavahar Kosh bPrabhakar Publications cBK c18481d18481